Data analysis using Microsoft Excel : updated for Windows 95
Αποθηκεύτηκε σε:
| Κύριος συγγραφέας: | |
|---|---|
| Μορφή: | Βιβλίο |
| Γλώσσα: | English |
| Δημοσίευση: |
Belmont, CA :
Duxbury Press,
c1997
|
| Θέματα: | |
| Ετικέτες: |
Προσθήκη ετικέτας
Δεν υπάρχουν, Καταχωρήστε ετικέτα πρώτοι!
|
MARC
| LEADER | 00000cam a2200000 i 4500 | ||
|---|---|---|---|
| 001 | 1/95938 | ||
| 008 | 991213s1997 eng d | ||
| 020 | |a 0-534-24426-2 | ||
| 035 | |l 10055525 | ||
| 040 | |a GR-MY-UA |b gre |e aacr | ||
| 041 | 0 | |a eng | |
| 082 | 0 | |a 005.369 | |
| 100 | 0 | |a Middleton, Michael R. | |
| 245 | 1 | 0 | |a Data analysis using Microsoft Excel : |b updated for Windows 95 / |c Michael R. Middleton |
| 260 | |a Belmont, CA : |b Duxbury Press, |c c1997 | ||
| 300 | |a xiii, 289 p.; |b ill.; |c 24 cm. | ||
| 504 | |a Includes bibliographical references (p. [281]) and index | ||
| 630 | 0 | 0 | |a Microsoft Excel (Computer file) |
| 650 | 0 | 0 | |a Business |x Computer programs. |
| 650 | 0 | 0 | |a Commercial statistics |x Computer programs. |
| 852 | |a INST |b SAMOS |e 19991213 |h 005.369 MID |p 005300016322 |q 005300016322 |t BK |y 0 | ||
| 901 | |a BIBL3-2000-2 | ||
| 909 | |a Σ |b 070998 | ||
| 922 | |a 3ΕΛΗ |b 199911 |c ΤΠΕΣ |d ΠΑΠΑΣΩΤΗΡΙΟΥ | ||
| 950 | |a 133-1999-07-20 | ||
| 970 | |z 2000/05/ΜΠΡΑΤΤΗΣ | ||